000 00990cam a2200289 a 4500
999 _c943
_d943
001 (Sirsi) a949130
003 OSt
005 20191227104609.0
008 130923s2014 nyub d 000 1 eng
020 _a9780060005429
040 _aNFN
_beng
_cTAE
042 _anbic
082 _aFIC NIX
100 1 _aNix, Garth,
_d1963-
_eauthor
245 1 0 _aLirael :
_bdaughter of the Clayr /
_cGarth Nix.
250 _a1st Harper Eos ed.
260 _aNew York, NY :
_bHarper, an imprint of HarperCollins Publishers,
_c2003
300 _a464, 32 p. :
_bmaps ;
_c21 cm.
440 _aAbhorsen trilogy ;
_nbk 2.
520 _aWhen a dangerous necromancer threatens to unleash a long-buried evil, Lirael and Prince Sameth are drawn into a battle to save the Old Kingdom and reveal their true destinies.
521 1 _a13-18.
650 0 _aMagic
_vFiction.
650 0 _aImaginary wars and battles
_vFiction.
650 0 _aFantasy fiction.
650 0 _aYoung adult fiction.
942 _2ddc
_cFIC